Central Library OPAC University of Rajshahi

Communications and networking for the PC / (Record no. 329)

MARC details
000 -LEADER
fixed length control field 01151cam a2200325 a 4500
001 - CONTROL NUMBER
control field 329
003 - CONTROL NUMBER IDENTIFIER
rucl marc code BD-RjUL
005 - DATE AND TIME OF LATEST TRANSACTION
control field 20211208233147.0
008 - FIXED-LENGTH DATA ELEMENTS--GENERAL INFORMATION
fixed length control field 940712r1996 inua 001 0 eng
020 ## - INTERNATIONAL STANDARD BOOK NUMBER
International Standard Book Number 1562054058 :
035 ## - SYSTEM CONTROL NUMBER
System control number (BD-RjUL)346
040 ## - CATALOGING SOURCE
Original cataloging agency DLC
Transcribing agency DLC
Modifying agency DLC
-- BD-RjUL
Language of cataloging eng
041 ## - LANGUAGE CODE
Language code of text/sound track or separate title eng
082 00 - DEWEY DECIMAL CLASSIFICATION NUMBER
Classification number 621.3805
Edition number 16
Author mark and year JOC 1996
100 1# - MAIN ENTRY--PERSONAL NAME
Personal name Jordan, Larry E.,
Dates associated with a name 1947-
9 (RLIN) 1047
245 10 - TITLE STATEMENT
Title Communications and networking for the PC /
Statement of responsibility, etc. Larry Jordan, Bruce Churchill.
250 ## - EDITION STATEMENT
Edition statement 5th ed.
260 ## - PUBLICATION, DISTRIBUTION, ETC. (IMPRINT)
Place of publication, distribution, etc. Indianapolis, Ind. :
Name of publisher, distributor, etc. New Riders Pub.,
Date of publication, distribution, etc. c1994[Reprinted 1996]
300 ## - PHYSICAL DESCRIPTION
Pagination xv, 753 p. :
Illustrations ill. ;
Size 24 cm.
500 ## - GENERAL NOTE
General note Rev. ed. of: Communications and networking for the IBM PC and compatibles / Larry Jordan and Bruce Churchill.
General note Includes index.
526 ## - STUDY PROGRAM INFORMATION NOTE
Requested Dept. Purescience.
650 00 - SUBJECT ADDED ENTRY--TOPICAL TERM
Topical term or geographic name as entry element Data transmission systems.
9 (RLIN) 408
Topical term or geographic name as entry element Computer networks.
9 (RLIN) 1048
Topical term or geographic name as entry element IBM Personal computer.
9 (RLIN) 1049
700 1# - ADDED ENTRY--PERSONAL NAME
Personal name Churchill, Bruce,
Dates associated with a name 1939-
Personal name Jordan, Larry E.,
Dates associated with a name 1947-
942 ## - ADDED ENTRY ELEMENTS (KOHA)
Source of classification or shelving scheme Dewey Decimal Classification
Koha item type Books
Holdings
Lost status Source of classification or shelving scheme Damaged status Not for loan Collection code Permanent Location Current Location Shelving location Date acquired Source of acquisition Cost, normal purchase price Total Checkouts Full call number Date last seen Copy number Koha item type
  Dewey Decimal Classification   Not For Loan Non-fiction Central Library, University of Rajshahi Central Library, University of Rajshahi   22/03/1998 Dhaka,Ahsavia Mission Book Dis:House. 383.50   621.3805 JOC 1996 17/11/2013 C-2 Books
  Dewey Decimal Classification     Non-fiction Central Library, University of Rajshahi Central Library, University of Rajshahi   22/03/1998 Dhaka,Ahsavia Mission Book Dis:House. 383.50   621.3805 JOC 1996 06/03/2014 C-3 Books
  Dewey Decimal Classification     Non-fiction Central Library, University of Rajshahi Central Library, University of Rajshahi   22/03/1998 Dhaka,Ahsavia Mission Book Dis:House. 283.50   621.3805 JOC 1996 23/06/2016 C-4 Books